Actes du colloque algebre appliquee et combinatoire

Uloženo v:
Podrobná bibliografie
Hlavní autor: Benzaken, C (Autor)
Médium: Kniha
Jazyk:francouzština
Vydáno: s.n 1978
Témata:
Tagy: Přidat tag
Žádné tagy, Buďte první, kdo vytvoří štítek k tomuto záznamu!

MARC

LEADER 00000nam a2200000 a 4500
001 UCW1457
003 CL-VaPUC
008 920702e19780000FR |||||||||||||||||fre|d
082 0 4 |a 512.6  |b BEN  |2 21 
100 0 |a Benzaken, C  |e author  |9 305428 
245 1 0 |a Actes du colloque algebre appliquee et combinatoire 
300 |a 241 p 
942 |c BK 
945 |d 19920702 00:00:00 
260 |b s.n  |c 1978 
650 0 |a Álgebra  |9 259567 
650 0 |a Congresos  |9 257560 
583 |a last modification  |c 20120529 01:15:15  |k Rodrigo Vera 
999 |c 216345  |d 216343 
952 |0 0  |1 0  |4 0  |6 512_600000000000000_BEN_1978  |7 0  |8 A  |9 201999  |a BIBMAT  |b BIBMAT  |d 2019-11-14  |i 2691620  |o 512.6 BEN 1978  |p 2691620  |r 2025-01-07  |w 2019-11-14  |y BK  |k MAT